| 000 | 00794nam a2200181Ia 4500 | ||
|---|---|---|---|
| 008 | 100920s9999 xx 000 0 und d | ||
| 082 |
_b88159 _a51 थ 31 |
||
| 100 | _aगद्रे अनंत हरि. | ||
| 245 | _aअच्युतराव कोल्हटकर स्मारकग्रंथ भाग 1 ला. | ||
| 260 |
_bगद्रे अनंत हरि, मुंबई. _c1931 |
||
| 300 |
_a318 _bसाधी |
||
| 365 | _b1.5 | ||
| 520 | _aचरित्र. | ||
| 630 | _aअच्युतराव कोल्हटकर स्मारकग्रंथ भाग 1 ला. | ||
| 650 | _aचरित्र. | ||
| 730 | _aअच्युतराव कोल्हटकर स्मारकग्रंथ भाग 1 ला. | ||
| 942 | _cBOOK | ||
| 999 |
_c728666 _d728663 |
||